000 01123cam a2200217 4500
001 WB3741-23
008 011031n2001 000 0 eng u
035 _a(Sirsi) u115421
245 _aRent reform may stifle regeneration
260 _c2001
490 _aHousing Today
_v(257) 25 October 2001, 8(1)
520 _aA new report looking at the current and future role of housing associations as community investors has just been published by the Joseph Rowntree Foundation. This reveals that housing associations are increasingly emerging as significant contributors to community development. However, it also notes that as a result of rent restructuring some housing associations will probably have withdrawn from community investment within three years. "After the crossroads: Housing associations as community investors" is available from JRF priced £12.95. Tel: 01904 430 033.
590 _aWB
650 _aJOSEPH ROWNTREE FOUNDATION
650 _aHOUSING ASSOCIATIONS
650 _aNEIGHBOURHOOD RENEWAL
650 _aCOMMUNITY DEVELOPMENT
650 _aRSLS
690 _aREGENERATION
942 _n0
999 _c68736
_d68736